[Event "ISL-chT Kvika 2223"]
[Site "Reykjavik"]
[Date "2022.10.14"]
[Round "2.1"]
[White "Hreinsson, Hlidar Thor"]
[Black "Bergthorsson, Jon Thor"]
[Result "1/2-1/2"]
[WhiteElo "2170"]
[BlackElo "2145"]
[PlyCount "151"]
[EventDate "2022.10.13"]
[EventType "team-tourn"]
[EventRounds "10"]
[EventCountry "ISL"]
[SourceTitle "CBM 213 Extra"]
[Source "ChessBase"]
[SourceDate "2023.05.31"]
[SourceVersion "1"]
[SourceVersionDate "2023.05.31"]
[SourceQuality "1"]
[WhiteTeam "Breidjblik Skakdeild"]
[BlackTeam "Skakdeild KR"]
[WhiteTeamCountry "ISL"]
[BlackTeamCountry "ISL"]

1. e4 c5 2. Nf3 d6 3. d3 Nf6 4. Be2 Nc6 5. c3 g6 6. 0-0 Bg7 7. h3 0-0 8. Re1 b6 9. Bg5 h6 10. Be3 Bb7 11. Nbd2 Rc8 12. Rc1 e5 13. c4 Ne8 14. Nb1 f5 15. Nh2 Nf6 16. Nc3 Nd4 17. Nd5 Nxe2+ 18. Rxe2 Bxd5 19. exd5 f4 20. Bd2 Qd7 21. Re1 Qf5 22. Bc3 h5 23. Nf3 Rce8 24. Nh4 Qg5 25. Nf3 Qh6 26. Nd2 g5 27. Ne4 Nxe4 28. dxe4 Re7 29. f3 Bf6 30. Kf1 g4 31. Ke2 gxf3+ 32. gxf3 Rg7 33. Rh1 Rg2+ 34. Kd3 Kh8 35. Rc2 Qg7 36. Be1 Rg8 37. Rh2 Rxh2 38. Rxh2 Qg1 39. Qe2 a6 40. Kc2 b5 41. cxb5 axb5 42. Rf2 b4 43. Rf1 Qd4 44. Bf2 Rg2 45. Kb3 Bh4 46. Bxd4 Rxe2 47. Bg1 Kg7 48. a4 bxa3 49. bxa3 Kf7 50. a4 Be1 51. Kc4 Bb4 52. Kb5 Ra2 53. Bf2 Rb2 54. Kc4 Ba5 55. Bh4 Rb4+ 56. Kd3 Rxa4 57. Rb1 Ra3+ 58. Ke2 Bb4 59. Bf2 Ra4 60. Kd3 Ra2 61. Rf1 Ra3+ 62. Ke2 c4 63. Rc1 Ra2+ 64. Kf1 c3 65. Be1 Rh2 66. Kg1 Rb2 67. Bxc3 Bc5+ 68. Kh1 Rf2 69. Bxe5 Rxf3 70. Bc3 Rxh3+ 71. Kg2 Re3 72. e5 f3+ 73. Kf1 dxe5 74. Bxe5 Rxe5 75. Rxc5 Ke7 76. Kf2 1/2-1/2

[Event "ISL-chT1 1819"]
[Site "Reykjavik"]
[Date "2019.03.02"]
[Round "9.2"]
[White "Jacobsen, Mikkel Manosri"]
[Black "Bergthorsson, Jon Thor"]
[Result "1-0"]
[WhiteElo "2313"]
[BlackElo "2145"]
[PlyCount "49"]
[EventDate "2018.11.08"]
[EventType "team-tourn"]
[EventRounds "9"]
[EventCountry "ISL"]
[SourceTitle "CBM 189 Extra"]
[Source "ChessBase"]
[SourceDate "2019.06.03"]
[SourceVersion "1"]
[SourceVersionDate "2019.06.03"]
[SourceQuality "1"]
[WhiteTeam "Taflfelag Reykjavikur"]
[BlackTeam "Skakdeild KR"]
[WhiteTeamCountry "ISL"]
[BlackTeamCountry "ISL"]

1. d4 d5 2. c4 e6 3. Nc3 Be7 4. Qc2 c6 5. cxd5 exd5 6. Bf4 Nf6 7. e3 0-0 8. Bd3 Nbd7 9. Nf3 h6 10. g4 Ne4 11. Bxe4 dxe4 12. Nxe4 Nf6 13. Nxf6+ Bxf6 14. Rg1 Qd5 15. Ne5 Be7 16. a3 Be6 17. Rd1 Qb5 18. Rd3 Rac8 19. e4 g5 20. Bd2 Bf6 21. f4 Rfd8 22. Nf3 Bc4 23. Rc3 Rxd4 24. e5 Bd3 25. Nxd4 1-0

[Event "ISL-chT1 1819"]
[Site "Reykjavik"]
[Date "2019.03.01"]
[Round "7.1"]
[White "Bergthorsson, Jon Thor"]
[Black "Jonsson, Gauti Pall"]
[Result "1/2-1/2"]
[WhiteElo "2145"]
[BlackElo "2056"]
[PlyCount "93"]
[EventDate "2018.11.08"]
[EventType "team-tourn"]
[EventRounds "9"]
[EventCountry "ISL"]
[SourceTitle "CBM 189 Extra"]
[Source "ChessBase"]
[SourceDate "2019.06.03"]
[SourceVersion "1"]
[SourceVersionDate "2019.06.03"]
[SourceQuality "1"]
[WhiteTeam "Skakdeild KR"]
[BlackTeam "Taflfelag Reykjavikur II"]
[WhiteTeamCountry "ISL"]
[BlackTeamCountry "ISL"]

1. d4 Nf6 2. Nf3 b6 3. g3 Bb7 4. Bg2 g6 5. 0-0 Bg7 6. c4 0-0 7. Nc3 Ne4 8. Qc2 Nxc3 9. bxc3 f5 10. Bf4 Be4 11. Qd2 Nc6 12. a4 Na5 13. Qa2 e6 14. Ng5 Bxg2 15. Kxg2 Qc8 16. Rab1 h6 17. Nf3 Kh7 18. Be5 Qb7 19. Bxg7 Kxg7 20. d5 Rae8 21. Rfd1 e5 22. c5 d6 23. c6 Qc8 24. Rb4 Rf6 25. Qc2 Ref8 26. h3 Qe8 27. Qd2 g5 28. Rf1 Qg6 29. Qc2 Kh8 30. Nh2 h5 31. e3 Qf7 32. Qd1 Qh7 33. Nf3 Qg6 34. h4 g4 35. Ng5 e4 36. Qd4 Kg8 37. Ne6 Rxe6 38. dxe6 Qxe6 39. Qd2 a6 40. Qe2 Nxc6 41. Qc4 d5 42. Qxa6 Nxb4 43. cxb4 Qc6 44. b5 Ra8 45. Rc1 Rxa6 46. Rxc6 Ra7 47. Kf1 1/2-1/2

[Event "ISL-chT 1718"]
[Site "Reykjavik"]
[Date "2018.03.03"]
[Round "9.1"]
[White "Bergthorsson, Jon Thor"]
[Black "Halfdanarson, Jon"]
[Result "1/2-1/2"]
[WhiteElo "2179"]
[BlackElo "2131"]
[PlyCount "117"]
[EventDate "2017.10.19"]
[EventType "team-tourn"]
[EventRounds "9"]
[EventCountry "ISL"]
[SourceTitle "EXT 2019"]
[Source "ChessBase"]
[SourceDate "2018.10.10"]
[SourceVersion "1"]
[SourceVersionDate "2018.10.10"]
[SourceQuality "1"]
[WhiteTeam "KR CC"]
[BlackTeam "Gardabaer"]
[WhiteTeamCountry "ISL"]
[BlackTeamCountry "ISL"]

1. d4 d5 2. c4 e6 3. Nf3 Nf6 4. Nc3 c6 5. Bg5 Nbd7 6. e3 Qa5 7. Bxf6 Nxf6 8. a3 Bd6 9. b4 Qd8 10. Bd3 0-0 11. Qc2 Qe7 12. 0-0 g6 13. e4 dxe4 14. Nxe4 Nxe4 15. Bxe4 Bd7 16. c5 Bc7 17. Rfe1 Rad8 18. Rab1 a6 19. a4 Rfe8 20. g3 Qf6 21. Ne5 Bxe5 22. dxe5 Qxe5 23. Bxc6 Qc7 24. Bg2 Bc6 25. Bxc6 Qxc6 26. b5 axb5 27. axb5 Qc7 28. Rec1 Rd5 29. Qc3 Rc8 30. c6 bxc6 31. bxc6 Rd6 32. Rb7 Qxc6 33. Qxc6 Rdxc6 34. Rxc6 Rxc6 35. Kg2 h5 36. h3 Rc4 37. h4 Kg7 38. f4 Kf6 39. Rb3 Rc5 40. Kf3 Kf5 41. Re3 f6 42. Ra3 Rb5 43. Rc3 Ra5 44. Rb3 e5 45. fxe5 fxe5 46. Rb4 Ra3+ 47. Kf2 Rd3 48. Rb6 Rd2+ 49. Ke3 Rg2 50. Kf3 Ra2 51. Ke3 Ra5 52. Rc6 e4 53. Rb6 Re5 54. Ra6 Rb5 55. Rc6 Rb3+ 56. Kf2 Rb5 57. Ra6 Rc5 58. Rb6 g5 59. hxg5 1/2-1/2

[Event "ISL-chT 1718"]
[Site "Reykjavik"]
[Date "2017.10.20"]
[Round "2.1"]
[White "Bergthorsson, Jon Thor"]
[Black "Bjornsson, Sigurbjorn"]
[Result "0-1"]
[WhiteElo "2179"]
[BlackElo "2277"]
[PlyCount "78"]
[EventDate "2017.10.19"]
[EventType "team-tourn"]
[EventRounds "9"]
[EventCountry "ISL"]
[SourceTitle "CBM 181 Extra"]
[Source "ChessBase"]
[SourceDate "2017.12.12"]
[SourceVersion "1"]
[SourceVersionDate "2017.12.12"]
[SourceQuality "1"]
[WhiteTeam "KR CC"]
[BlackTeam "Fjolnis"]
[WhiteTeamCountry "ISL"]
[BlackTeamCountry "ISL"]

1. d4 Nf6 2. c4 g6 3. Nc3 Bg7 4. e4 d6 5. f3 0-0 6. Be3 Nc6 7. Qd2 a6 8. Nge2 Bd7 9. h4 h5 10. Bh6 b5 11. Bxg7 Kxg7 12. Ng3 e5 13. d5 Nd4 14. Nce2 c5 15. dxc6 Nxe2 16. Bxe2 Bxc6 17. Qg5 Qa5+ 18. Kf1 Bd7 19. Rd1 Qb6 20. b3 Be6 21. Rh3 Bxh3 22. gxh3 Nh7 23. Qd2 Qd8 24. Qxd6 Qxh4 25. Qxe5+ Kg8 26. Kg2 Ng5 27. Rh1 Ne6 28. Bf1 Nf4+ 29. Kf2 Rfd8 30. Rg1 Rd3 31. Qxf4 Qxf4 32. Bxd3 Qd2+ 33. Be2 h4 34. Nf5 Qxa2 35. cxb5 axb5 36. b4 Ra4 37. Ne7+ Kg7 38. Nd5 Ra3 39. Rc1 Qb2 0-1

[Event "ISL-chT2 1415"]
[Site "Reykjavik"]
[Date "2015.03.21"]
[Round "7.1"]
[White "Bergthorsson, Jon Thor"]
[Black "Jonsson, Bjorn"]
[Result "1-0"]
[WhiteElo "2145"]
[BlackElo "2029"]
[PlyCount "53"]
[EventDate "2014.10.03"]
[EventType "team-tourn"]
[EventRounds "7"]
[EventCountry "ISL"]
[SourceTitle "EXT 2016"]
[Source "ChessBase"]
[SourceDate "2015.10.08"]
[SourceVersion "1"]
[SourceVersionDate "2015.10.08"]
[SourceQuality "1"]
[WhiteTeam "Reykjavik KR"]
[BlackTeam "Gardabaer"]
[WhiteTeamCountry "ISL"]
[BlackTeamCountry "ISL"]

1. d4 Nf6 2. c4 e6 3. Nf3 d5 4. e3 Be7 5. Bd3 0-0 6. b3 Nbd7 7. 0-0 b6 8. Nc3 Bb7 9. Bb2 c5 10. Rc1 Rc8 11. Qe2 dxc4 12. bxc4 Qc7 13. Rfd1 Rfd8 14. h3 Qb8 15. d5 exd5 16. cxd5 Nxd5 17. Nxd5 Bxd5 18. Bxh7+ Kxh7 19. Rxd5 Bf6 20. Ng5+ Kg8 21. Qh5 Bxb2 22. Qxf7+ Kh8 23. Rc4 Bd4 24. Rcxd4 cxd4 25. Qh5+ Kg8 26. Qh7+ Kf8 27. Qh8+ 1-0

[Event "ISL-chT2 1415"]
[Site "Reykjavik"]
[Date "2015.03.21"]
[Round "6.4"]
[White "Bergthorsson, Jon Thor"]
[Black "Thor, Jon Th"]
[Result "1/2-1/2"]
[WhiteElo "2145"]
[BlackElo "2107"]
[PlyCount "37"]
[EventDate "2014.10.03"]
[EventType "team-tourn"]
[EventRounds "7"]
[EventCountry "ISL"]
[SourceTitle "EXT 2016"]
[Source "ChessBase"]
[SourceDate "2015.10.08"]
[SourceVersion "1"]
[SourceVersionDate "2015.10.08"]
[SourceQuality "1"]
[WhiteTeam "Reykjavik KR"]
[BlackTeam "Akureyri II"]
[WhiteTeamCountry "ISL"]
[BlackTeamCountry "ISL"]

1. d4 Nf6 2. c4 e6 3. Nf3 c5 4. dxc5 Bxc5 5. e3 0-0 6. Be2 b6 7. 0-0 Bb7 8. Nc3 d5 9. a3 dxc4 10. Bxc4 Qc8 11. Qe2 Nbd7 12. b4 Bxf3 13. gxf3 Be7 14. f4 a5 15. bxa5 Rxa5 16. Nb5 Nc5 17. Bd2 Ra4 18. Bb4 Qb7 19. Rad1 1/2-1/2

[Event "ISL-ch op"]
[Site "Reykjavik"]
[Date "2013.06.04"]
[Round "6"]
[White "Johannsdottir, Johanna Bjorg"]
[Black "Bergthorsson, Jon Thor"]
[Result "0-1"]
[WhiteElo "1890"]
[BlackElo "2143"]
[PlyCount "88"]
[EventDate "2013.05.31"]
[EventType "swiss"]
[EventRounds "10"]
[EventCountry "ISL"]
[SourceTitle "CBM 154 Extra"]
[Source "ChessBase"]
[SourceDate "2013.06.25"]
[SourceVersion "2"]
[SourceVersionDate "2013.06.25"]
[SourceQuality "1"]

1. e4 c5 2. c3 d5 3. exd5 Qxd5 4. d4 Nf6 5. Nf3 Bg4 6. dxc5 Qxd1+ 7. Kxd1 e5 8. b4 e4 9. Bb5+ Nc6 10. h3 Bh5 11. g4 Nxg4 12. hxg4 Bxg4 13. Kc2 Bxf3 14. Re1 f5 15. Nd2 Bh5 16. Nc4 0-0-0 17. Bg5 Be7 18. Bxc6 Bxg5 19. Ba4 Bf6 20. c6 Bf3 21. cxb7+ Kxb7 22. Na5+ Kc7 23. Nb3 Be5 24. Nc5 Rd6 25. Bb3 Re8 26. a4 h5 27. Bc4 h4 28. Be2 Bg2 29. Rg1 h3 30. Bf1 h2 31. Bxg2 hxg1Q 32. Rxg1 Rg6 33. Rd1 Rxg2 34. Rd7+ Kc8 35. Rxa7 Rxf2+ 36. Kb3 e3 37. Ra8+ Bb8 38. a5 e2 39. a6 e1Q 40. a7 Qb1+ 41. Kc4 Qa2+ 42. Nb3 Rf4+ 43. Kb5 Qxa7 44. Rxa7 Bxa7 0-1

[Event "ISL-chT 0910"]
[Site "Reykjavik"]
[Date "2010.03.05"]
[Round "5"]
[White "Carstensen, Jacob"]
[Black "Bergthorsson, Jon Thor"]
[Result "1-0"]
[WhiteElo "2317"]
[BlackElo "2155"]
[PlyCount "39"]
[EventDate "2009.09.25"]
[EventType "team-tourn"]
[EventRounds "7"]
[EventCountry "ISL"]
[SourceTitle "EXT 2011"]
[Source "ChessBase"]
[SourceDate "2010.11.26"]
[SourceVersion "1"]
[SourceVersionDate "2010.11.26"]
[SourceQuality "1"]

1. d4 Nf6 2. c4 d5 3. cxd5 Qxd5 4. Nc3 Qa5 5. Nf3 e6 6. Bd2 c6 7. e4 Qd8 8. e5 Nd5 9. Bd3 b5 10. 0-0 a6 11. Ng5 Nxc3 12. bxc3 Ra7 13. Nxh7 c5 14. Qg4 cxd4 15. cxd4 Rd7 16. Be3 Bb7 17. Ng5 Nc6 18. Be4 Qb8 19. Nxf7 Rxf7 20. Bxc6+ 1-0

[Event "ISL-chT 0910"]
[Site "Reykjavik"]
[Date "2010.03.05"]
[Round "6"]
[White "Gislason, Magnus"]
[Black "Bergthorsson, Jon Thor"]
[Result "1-0"]
[WhiteElo "2037"]
[BlackElo "2155"]
[PlyCount "73"]
[EventDate "2009.09.25"]
[EventType "team-tourn"]
[EventRounds "7"]
[EventCountry "ISL"]
[SourceTitle "EXT 2011"]
[Source "ChessBase"]
[SourceDate "2010.11.26"]
[SourceVersion "1"]
[SourceVersionDate "2010.11.26"]
[SourceQuality "1"]

1. c4 e5 2. Nc3 Nf6 3. Nf3 Nc6 4. g3 Nd4 5. e3 Nxf3+ 6. Qxf3 Bc5 7. Bg2 c6 8. h3 0-0 9. a3 a5 10. 0-0 Qe7 11. Rd1 Re8 12. d4 e4 13. Qe2 Bb6 14. d5 d6 15. b3 Bf5 16. Bb2 Bc7 17. Qc2 Nd7 18. b4 Qg5 19. Ne2 c5 20. Rab1 h5 21. bxc5 dxc5 22. d6 Bd8 23. Nf4 Qh6 24. Rd5 Qh7 25. Nxh5 f6 26. g4 Bg6 27. Nf4 Bf7 28. Rd2 b6 29. Nd5 Ra7 30. Rbd1 f5 31. Nc7 Rf8 32. gxf5 Qxf5 33. Nb5 Ra6 34. Qxe4 Qxe4 35. Bxe4 Bxc4 36. Bd5+ Bxd5 37. Rxd5 1-0